| 000 | 00529nam a2200193Ia 4500 | ||
|---|---|---|---|
| 005 | 20250425161050.0 | ||
| 008 | 250425s9999 xx 000 0 und d | ||
| 041 | _aspa | ||
| 082 | _a036 | ||
| 100 | _aJACKSON, W. M. | ||
| 245 | 0 | _aENCICLOPEDIA PRACTICA JACKSON: ADMINISTRACION DE NEGOCIOS, AERONAUTICA, AGRICULTURA, ANATOMIA Y FISIOLOGIA, ANTROPOLOGIA | |
| 250 | _a11A ED. | ||
| 260 | _aMEXICO | ||
| 260 |
_aMéxico _bW.M. JACKSON _c1970 |
||
| 300 | _a434 | ||
| 650 | _aENCICLOPEDIAS | ||
| 942 | _c01 | ||
| 010 | _a11734 | ||
| 999 |
_c201729 _d201729 |
||